Paesi con più di 100 milioni di abitanti - Statistics

Statistiche generali
  • Questo quiz è stato fatto 32 volte
  • Il punteggio medio è 12 su 14
Statistiche sulle risposte
Hint Risposta % Corretto
1,41 miliardi Cina
100%
1,43 miliardi India
100%
203 milioni Brasile
96%
144 milioni Russia
96%
335 milioni USA
96%
277 milioni Indonesia
93%
129 milioni Messico
93%
123 milioni Giappone
89%
240 milioni Pakistan
89%
223 milioni Nigeria
82%
112 milioni Egitto
79%
173 milioni Bangladesh
71%
117 milioni Filippine
71%
126 milioni Etiopia
36%
Nessun quiz corrispondente trovato
Distribuzione punteggi
Percentuale di utenti per punteggio
Percentile per numero di risposta
I tuoi punteggi nel tempo
Non hai fatto questo quiz